000 00362nam a2200157Ia 4500
008 210210b1976 xxu||||| |||| 00| 0 eng d
082 _a581 SUNT
100 _aSUNDARA RAJAN (S).
245 _aTextbook of botany.
250 _a
260 _aBangalore
_bAdarsha Traders
_c1976
300 _a37
650 _aBotany
690 _aBotany
906 _aSG01271
999 _c112590
_d112590